[Event "IX Festival A"]
[Site "Cesenatico ITA"]
[Date "2004.09.08"]
[Round "5"]
[White "Masotti, Roberto"]
[Black "Braga, Gian Carlo"]
[Result "1-0"]
[WhiteElo "1874"]
[BlackElo "1461"]
[PlyCount "99"]
[EventDate "2004.09.04"]

1. Nf3 Nf6 2. c4 c5 3. Nc3 e6 4. g3 Be7 5. Bg2 O-O 6. d4 d5 7. cxd5 cxd4 8.
Nxd4 exd5 9. O-O Nc6 10. Be3 Bg4 11. Qa4 Qd7 12. Rfd1 Rfd8 13. Rac1 Rac8 14.
Nxc6 bxc6 15. Qxa7 Rc7 16. Qa6 Rb7 17. Na4 Qc7 18. Bb6 Rxb6 19. Nxb6 Bc8 20.
Nxc8 Rxc8 21. Bxd5 Nxd5 22. Rxd5 c5 23. Qc4 g6 24. b4 Ra8 25. bxc5 Qc6 26. Rcd1
Ra4 27. Qb3 Re4 28. Qf3 Re6 29. Qc3 Bxc5 30. Rd8+ Bf8 31. Qa3 Re8 32. Rxe8 Qxe8
33. Qd3 Qa4 34. Qd5 Qa7 35. Rc1 Qe7 36. e4 Bg7 37. Rc8+ Bf8 38. Qa8 Qb4 39.
Rxf8+ Qxf8 40. Qxf8+ Kxf8 41. f4 Ke7 42. Kf2 f6 43. Ke3 Ke6 44. Kd4 h6 45. Kc5
g5 46. a4 f5 47. e5 h5 48. Kc6 Ke7 49. a5 Kd8 50. a6 1-0

[Event "IX Festival A"]
[Site "Cesenatico ITA"]
[Date "2004.09.08"]
[Round "5"]
[White "Mrdja, Milan"]
[Black "Tomescu, Vlad"]
[Result "0-1"]
[WhiteElo "2432"]
[BlackElo "2397"]
[PlyCount "98"]
[EventDate "2004.09.04"]

1. e4 Nc6 2. Bc4 Nf6 3. d3 e5 4. Nf3 Be7 5. O-O d6 6. c3 O-O 7. Re1 h6 8. Nbd2
Nh7 9. Nf1 Ng5 10. Ne3 g6 11. Nd5 Kg7 12. Nxe7 Qxe7 13. Nd2 Na5 14. b4 Nxc4 15.
Nxc4 Be6 16. Ne3 a5 17. f4 exf4 18. Nc2 f3 19. Bxg5 Qxg5 20. Qxf3 Qd2 21. Nd4
Qxc3 22. Qe3 c5 23. bxc5 dxc5 24. Nxe6+ fxe6 25. Rac1 Qd4 26. Rxc5 Qxe3+ 27.
Rxe3 Rac8 28. d4 Rxc5 29. dxc5 Rc8 30. Rc3 Rc6 31. Kf2 Kf6 32. Ke3 Ke5 33. Kd3
Rc7 34. Rc4 Kf4 35. g3+ Ke5 36. a4 g5 37. Rc2 g4 38. Rc1 Rf7 39. c6 Rf3+ 40.
Ke2 bxc6 41. Rxc6 Ra3 42. Rc4 h5 43. Rc5+ Kxe4 44. Rxh5 Rxa4 45. h3 Ra2+ 46.
Kd1 Rh2 47. Rh4 Kd3 48. Ke1 a4 49. Rxg4 a3 0-1

[Event "IX Festival A"]
[Site "Cesenatico ITA"]
[Date "2004.09.08"]
[Round "5"]
[White "Novotny, Michal"]
[Black "De Vita, Igor"]
[Result "1-0"]
[WhiteElo "2197"]
[BlackElo "2156"]
[PlyCount "105"]
[EventDate "2004.09.04"]

1. e4 Nf6 2. Nc3 d5 3. exd5 Nxd5 4. Nxd5 Qxd5 5. Nf3 Bg4 6. Be2 Nc6 7. O-O e6
8. h3 Bh5 9. c4 Qd6 10. d4 O-O-O 11. Be3 Bxf3 12. Bxf3 Nxd4 13. Bxd4 Qxd4 14.
Qa4 Qb6 15. b4 a6 16. a3 Be7 17. Qc2 Qd4 18. Rad1 Qe5 19. Rde1 Qd4 20. Re3 Bg5
21. Rd1 Bxe3 22. Rxd4 Bxd4 23. Qe4 c6 24. b5 Rd6 25. bxa6 bxa6 26. Qf4 Rhd8 27.
Qxf7 Kb8 28. Qh5 c5 29. Qxh7 Ka7 30. Qe4 Rb6 31. a4 a5 32. h4 Rdb8 33. h5 Rb1+
34. Kh2 Bxf2 35. Qxe6 Bd4 36. Qe7+ Ka6 37. Bc6 Bg1+ 38. Kh3 R1b3+ 39. Kg4 R8b7
40. Bb5+ Ka7 41. Qe1 Bd4 42. Qxa5+ Kb8 43. Qd8+ Ka7 44. Bc6 R3b6 45. Bxb7 Rxb7
46. Qa5+ Kb8 47. Kf5 Ra7 48. Qd8+ Kb7 49. Qe8 Ra6 50. Qd7+ Kb6 51. Ke4 Ra7 52.
Qb5+ Kc7 53. Kd5 1-0

[Event "IX Festival A"]
[Site "Cesenatico ITA"]
[Date "2004.09.08"]
[Round "5"]
[White "Ori, Marco"]
[Black "Vuelban, Virgilio"]
[Result "1/2-1/2"]
[WhiteElo "2081"]
[BlackElo "2306"]
[PlyCount "82"]
[EventDate "2004.09.04"]

1. e4 c5 2. Nf3 d6 3. d4 cxd4 4. Nxd4 Nf6 5. Nc3 Nc6 6. Be2 e5 7. Nb3 Be7 8.
O-O O-O 9. Be3 Be6 10. f4 exf4 11. Bxf4 d5 12. exd5 Nxd5 13. Nxd5 Bxd5 14. Bf3
Bxf3 15. Qxf3 Bg5 16. Rad1 Qb6+ 17. Kh1 Bxf4 18. Qxf4 Rad8 19. c3 a6 20. Nc1 f6
21. h3 Ne5 22. Rfe1 Qb5 23. b3 Qc5 24. Qg3 a5 25. Ne2 Ng6 26. Nd4 Rfe8 27. Kh2
Rc8 28. Rxe8+ Rxe8 29. Re1 Ne5 30. Nf5 Qc7 31. Rf1 Kh8 32. Nd4 Qd7 33. Re1 Qd6
34. Rf1 Qd7 35. Re1 Rc8 36. Kh1 b5 37. Qe3 Rd8 38. Nf3 Nxf3 39. Qxf3 Qd2 40.
Qe2 Qxe2 41. Rxe2 h5 1/2-1/2

[Event "IX Festival A"]
[Site "Cesenatico ITA"]
[Date "2004.09.08"]
[Round "5"]
[White "Pircher, Karl"]
[Black "Pruesse, Horst"]
[Result "0-1"]
[WhiteElo "2013"]
[BlackElo "2126"]
[PlyCount "108"]
[EventDate "2004.09.04"]

1. d4 Nf6 2. c4 e6 3. Nc3 Bb4 4. Qc2 c5 5. dxc5 Na6 6. a3 Bxc3+ 7. Qxc3 Nxc5 8.
b4 Nce4 9. Qd4 d5 10. c5 b6 11. cxb6 axb6 12. e3 O-O 13. Nf3 Ng4 14. Ra2 Qc7
15. Qd1 Bd7 16. Rc2 Qd6 17. h3 Ngf6 18. b5 e5 19. Bd3 Nc5 20. Be2 Ra5 21. Bb2
Re8 22. Qa1 Bf5 23. Rxc5 Qxc5 24. Nxe5 Raa8 25. O-O Qc2 26. Bf3 Ne4 27. Bd1 Qc8
28. Bb3 Be6 29. Rd1 Qd8 30. Nf3 f6 31. Qa2 Kh8 32. Bxd5 Ra7 33. Rd4 Bxd5 34.
Rxd5 Rd7 35. Rd4 Qc7 36. Qb3 Nc5 37. Qd1 Rxd4 38. Nxd4 Qd7 39. Qc2 Qd5 40. Nc6
Ra8 41. Nd4 Qa2 42. Qe2 Na4 43. Qf3 Rc8 44. Qb7 Qg8 45. Nf5 Rb8 46. Qc7 Nxb2
47. Nd6 Rf8 48. Qxb6 Nc4 49. Nxc4 Qxc4 50. Qa6 Qc1+ 51. Kh2 Qc7+ 52. g3 Qc2 53.
Kg2 Qe4+ 54. Kg1 Rd8 0-1

[Event "IX Festival A"]
[Site "Cesenatico ITA"]
[Date "2004.09.08"]
[Round "5"]
[White "Rossi, Giampiero"]
[Black "Sanzani, Pierluigi"]
[Result "1-0"]
[WhiteElo "2012"]
[BlackElo "1955"]
[PlyCount "31"]
[EventDate "2004.09.04"]

1. d4 g6 2. g3 Bg7 3. Bg2 Nf6 4. c4 d6 5. Nc3 O-O 6. Nf3 c6 7. O-O Nbd7 8. Qc2
e5 9. Rd1 Qe7 10. b3 e4 11. Ng5 d5 12. cxd5 cxd5 13. Nb5 Ne8 14. h4 Qb4 15. a4
Nc5 16. Ba3 1-0

[Event "IX Festival A"]
[Site "Cesenatico ITA"]
[Date "2004.09.08"]
[Round "5"]
[White "Russi, Roberto"]
[Black "Da Forno, Roberto"]
[Result "1-0"]
[WhiteElo "2086"]
[BlackElo "1748"]
[PlyCount "42"]
[EventDate "2004.09.04"]

1. c4 f5 2. Nc3 Nf6 3. g3 c6 4. Bg2 g6 5. d4 Bg7 6. Bg5 O-O 7. Qd2 d6 8. Nf3 a5
9. h4 h5 10. Bh6 Na6 11. O-O Qe8 12. Bxg7 Kxg7 13. d5 Nc5 14. Ng5 Bd7 15. Rad1
Rd8 16. Qd4 e5 17. dxe6 Bxe6 18. Rfe1 Bf7 19. e4 Qe5 20. exf5 Qxf5 21. Bh3 Qc2
1-0

[Event "IX Festival A"]
[Site "Cesenatico ITA"]
[Date "2004.09.08"]
[Round "5"]
[White "Russo, Carmelo"]
[Black "Pompili, Ugo"]
[Result "0-1"]
[WhiteElo "1835"]
[BlackElo "1801"]
[PlyCount "70"]
[EventDate "2004.09.04"]

1. Nf3 f5 2. c4 Nf6 3. Nc3 d6 4. b4 g6 5. Bb2 Bg7 6. Qb3 e6 7. e4 Qe7 8. e5
Nfd7 9. exd6 cxd6 10. Nb5 Nf6 11. Be2 a6 12. Qa3 Nc6 13. Nc3 O-O 14. b5 Nd8 15.
O-O Nf7 16. d4 Bd7 17. b6 Bc6 18. c5 d5 19. Bc1 Ne4 20. Bf4 g5 21. Be5 Nxe5 22.
Nxe5 Bxe5 23. dxe5 d4 24. Nxe4 fxe4 25. Bc4 Kh8 26. Be2 Rad8 27. Bh5 Rd5 28. f3
e3 29. Rfd1 Rfd8 30. Qb4 Qxc5 31. Rab1 e2 32. Rdc1 Qxb4 33. Rxb4 d3 34. f4 d2
35. Bxe2 dxc1=Q+ 0-1

[Event "IX Festival A"]
[Site "Cesenatico ITA"]
[Date "2004.09.08"]
[Round "5"]
[White "Salerni, Guido"]
[Black "Guccione, Daniele"]
[Result "1-0"]
[WhiteElo "1691"]
[BlackElo "1814"]
[PlyCount "97"]
[EventDate "2004.09.04"]

1. e4 e5 2. Nc3 Nf6 3. f4 d5 4. fxe5 Nxe4 5. Nf3 Bg4 6. Be2 Bxf3 7. Bxf3 Qh4+
8. g3 Nxc3 9. bxc3 Qe7 10. d4 c6 11. O-O Nd7 12. a4 Nb6 13. Be2 O-O-O 14. a5
Nd7 15. Qd3 f6 16. exf6 Nxf6 17. Bg5 Re8 18. Bg4+ Kb8 19. Qf5 Qe4 20. Bxf6 Qxf5
21. Rxf5 gxf6 22. Rxf6 Bg7 23. Rf7 Bh6 24. Rb1 b5 25. axb6 a5 26. Rc7 Bd2 27.
Rxc6 h5 28. Bf3 h4 29. b7 hxg3 30. hxg3 Re3 31. Kg2 Rxc3 32. Rxc3 Bxc3 33. Bxd5
Bxd4 34. Kf3 Rh2 35. Rd1 Bb6 36. c4 a4 37. Bc6 a3 38. c5 Ba5 39. Rd3 a2 40. Ra3
Rf2+ 41. Kg4 Rf6 42. Bd5 Rg6+ 43. Kf5 Ra6 44. c6 Ra7 45. Rxa2 Kc7 46. Ke6 Bb6
47. Rxa7 Bxa7 48. g4 Bd4 49. g5 1-0

[Event "IX Festival A"]
[Site "Cesenatico ITA"]
[Date "2004.09.08"]
[Round "5"]
[White "Setti, Denis"]
[Black "Del Nevo, Claudio"]
[Result "0-1"]
[WhiteElo "1754"]
[BlackElo "1941"]
[PlyCount "72"]
[EventDate "2004.09.04"]

1. e4 d6 2. d4 Nf6 3. Nc3 g6 4. Be2 Bg7 5. Nf3 O-O 6. h3 c6 7. O-O b5 8. a3 Bb7
9. Re1 a5 10. Bd3 Na6 11. e5 dxe5 12. dxe5 Nd5 13. Ne4 Qc7 14. Neg5 Nc5 15. h4
Rad8 16. h5 Nxd3 17. cxd3 h6 18. hxg6 hxg5 19. gxf7+ Rxf7 20. Nxg5 Rf5 21. Qh5
Bc8 22. Qh7+ Kf8 23. e6 Rf6 24. g3 Rd6 25. Qh3 Rh6 26. Qf5+ Nf6 27. b3 Rd5 28.
Qf3 Re5 29. Bb2 Rxg5 30. Bc1 Rgg6 31. Bf4 Qb6 32. Rac1 Bb7 33. Bxh6 Rxh6 34.
Kf1 c5 35. Qf4 Qc6 36. Ke2 Rh5 0-1

[Event "IX Festival A"]
[Site "Cesenatico ITA"]
[Date "2004.09.08"]
[Round "5"]
[White "Skembris, Spyridon"]
[Black "D'Innocente, Stefano"]
[Result "1-0"]
[WhiteElo "2434"]
[BlackElo "2197"]
[PlyCount "38"]
[EventDate "2004.09.04"]

1. c4 e6 2. d4 Nf6 3. Nc3 c5 4. d5 exd5 5. cxd5 d6 6. e4 g6 7. Bb5+ Nbd7 8. a4
Bg7 9. Nf3 O-O 10. O-O a6 11. Bd3 b6 12. Bf4 Qe7 13. Re1 Nh5 14. Bg5 f6 15. Bd2
Bh8 16. Rb1 Ng7 17. b4 Ne8 18. bxc5 dxc5 19. e5 19... fxe5 {...} 1-0

[Event "IX Festival A"]
[Site "Cesenatico ITA"]
[Date "2004.09.08"]
[Round "5"]
[White "Steccanella, Sergio"]
[Black "Lombardini, Giulio"]
[Result "1/2-1/2"]
[WhiteElo "1724"]
[BlackElo "2072"]
[PlyCount "109"]
[EventDate "2004.09.04"]

1. e4 c5 2. Nf3 d6 3. d4 cxd4 4. Nxd4 Nf6 5. Nc3 a6 6. Be2 e5 7. Nb3 Be6 8. Be3
Nbd7 9. O-O b5 10. f3 Nb6 11. Nd2 Qc7 12. a4 b4 13. a5 Nc4 14. Nxc4 Bxc4 15.
Na4 Nd7 16. Bxc4 Qxc4 17. b3 Qb5 18. c4 bxc3 19. Nxc3 Qb7 20. Nd5 Be7 21. Ra4
Bd8 22. Rb4 Qc6 23. Rc4 Qb7 24. Rb4 Qc6 25. Nb6 Nxb6 26. Bxb6 Bxb6+ 27. Rxb6
Qc5+ 28. Kh1 O-O 29. b4 Qc4 30. Qc1 d5 31. exd5 Qxd5 32. Rc6 h6 33. h3 Qb5 34.
Qc4 Qxc4 35. Rxc4 Rfb8 36. Rb1 Rb5 37. Rc6 Kf8 38. Kg1 Ke8 39. Rc7 Rab8 40. Re1
g5 41. Rc6 Ke7 42. Rxh6 f6 43. Rh7+ Ke6 44. Ra7 Rxb4 45. Rxa6+ Kf5 46. g4+ Kf4
47. Re4+ Kxf3 48. Rxb4 Rxb4 49. Rxf6+ Kg3 50. Rb6 Ra4 51. Rb3+ Kf4 52. Kf2 Ra2+
53. Ke1 Rxa5 54. Kf2 Ra2+ 55. Ke1 1/2-1/2

[Event "IX Festival A"]
[Site "Cesenatico ITA"]
[Date "2004.09.08"]
[Round "5"]
[White "Terbonati, Paolo"]
[Black "Bernardini, Luca"]
[Result "1-0"]
[WhiteElo "1931"]
[BlackElo "1760"]
[PlyCount "167"]
[EventDate "2004.09.04"]

1. c4 e5 2. Nc3 Nc6 3. g3 f5 4. Bg2 Nf6 5. e3 Bc5 6. Nge2 O-O 7. O-O d6 8. d4
Bb4 9. Nd5 Ng4 10. a3 f4 11. exf4 exf4 12. Nexf4 Be1 13. Qxe1 Nxd4 14. Qe7 Bf5
15. Qxd8 Raxd8 16. Ne7+ Kh8 17. Nxf5 Rxf5 18. b4 g5 19. Bb2 gxf4 20. Bxd4+ Kg8
21. Bd5+ Kf8 22. Be6 Rg5 23. Bxg4 Rxg4 24. h3 Rg6 25. Kh2 fxg3+ 26. fxg3+ Kg8
27. Rf5 Re8 28. Raf1 h6 29. R1f2 b6 30. Rf7 c5 31. Bc3 Ra8 32. R7f6 Rxf6 33.
Rxf6 Re8 34. Rxd6 Re2+ 35. Kh1 Re3 36. Bd2 Rxg3 37. bxc5 bxc5 38. Ra6 Rxh3+ 39.
Kg2 Rh4 40. Bxh6 Rxc4 41. Rxa7 Rc2+ 42. Kf1 c4 43. Ke1 Rh2 44. Bd2 Kf8 45. Kd1
Ke8 46. Bb4 Kd8 47. Rg7 Rh6 48. Kc2 Rc6 49. Kc3 Kc8 50. Rg3 Kb7 51. Kd4 Kb6 52.
Rg5 Rc8 53. Kc3 Ka6 54. Rg7 Kb5 55. Rb7+ Ka6 56. Rg7 Kb5 57. Rg5+ Kb6 58. a4
Ka6 59. Rg6+ Kb7 60. a5 Ka7 61. Be7 Kb7 62. Rb6+ Ka7 63. Bf6 Ka8 64. Bd4 Rc7
65. Ra6+ Kb7 66. Re6 Rc8 67. Bb6 Ka8 68. Re7 Kb8 69. Re5 Kb7 70. Re7+ Kb8 71.
Bd4 Ka8 72. Kb4 Kb8 73. Kb5 c3 74. Kb6 Rg8 75. Be5+ Kc8 76. Rc7+ Kd8 77. Bf6+
Ke8 78. Rc8+ Kf7 79. Rxg8 Kxg8 80. Bxc3 Kf7 81. Kb7 Ke6 82. a6 Kd5 83. a7 Kd6
84. a8=Q 1-0

[Event "IX Festival A"]
[Site "Cesenatico ITA"]
[Date "2004.09.08"]
[Round "5"]
[White "Ventura, Sergio"]
[Black "Brancaleoni, Maurizio"]
[Result "0-1"]
[WhiteElo "2175"]
[BlackElo "2298"]
[PlyCount "102"]
[EventDate "2004.09.04"]

1. c4 e6 2. Nc3 d5 3. e3 Nf6 4. Nf3 dxc4 5. Bxc4 a6 6. O-O b5 7. Be2 Bb7 8. b3
Nbd7 9. Bb2 Bd6 10. Rc1 O-O 11. d4 c5 12. a3 Qe7 13. dxc5 Bxc5 14. b4 Bb6 15.
Nd4 Rfd8 16. Bf3 Ne5 17. Bxb7 Qxb7 18. Qe2 Bxd4 19. exd4 Nc4 20. a4 Nxb2 21.
Qxb2 bxa4 22. Nxa4 Nd5 23. Rc5 Rdb8 24. Nc3 Qxb4 25. Qxb4 Nxb4 26. g3 Rd8 27.
Rb1 Rxd4 28. Ne2 Nd3 29. Rc6 Rdd8 30. f4 a5 31. Rb7 Rdc8 32. Ra7 h6 33. Rxa5
Rxa5 34. Rxc8+ Kh7 35. Nd4 g5 36. Rc3 Ra1+ 37. Kg2 Nb4 38. Rc7 Kg6 39. Nf3 Ra2+
40. Kg1 Nd3 41. Rd7 Ra1+ 42. Kg2 Ne1+ 43. Nxe1 Rxe1 44. Rd2 gxf4 45. gxf4 Re3
46. Rf2 Kf5 47. Rf1 f6 48. Rf2 h5 49. Rf1 h4 50. h3 Re2+ 51. Kg1 Re4 0-1

[Event "IX Festival A"]
[Site "Cesenatico ITA"]
[Date "2004.09.08"]
[Round "5"]
[White "Voltolini, Giuseppe"]
[Black "Galassi, Federico"]
[Result "0-1"]
[WhiteElo "2241"]
[BlackElo "1943"]
[PlyCount "56"]
[EventDate "2004.09.04"]

1. e4 d6 2. d4 Nf6 3. Nc3 g6 4. f4 Bg7 5. Nf3 O-O 6. Bd3 Na6 7. O-O c5 8. d5
Rb8 9. Kh1 Bg4 10. Bc4 Nc7 11. a4 a6 12. a5 Nb5 13. Nxb5 axb5 14. Bxb5 Nxe4 15.
Qe2 Nf6 16. Rd1 Ra8 17. c4 Rxa5 18. Rxa5 Qxa5 19. Qxe7 Bxf3 20. gxf3 Qb4 21.
Kg2 Nh5 22. Qxd6 Qb3 23. Rd2 Bd4 24. f5 Qe3 25. fxg6 Nf4+ 26. Kg3 fxg6 27. Rxd4
Qg1+ 28. Kh4 g5# 0-1

[Event "IX Festival A"]
[Site "Cesenatico ITA"]
[Date "2004.09.08"]
[Round "5"]
[White "Weinberg, Emanuele"]
[Black "Gromovs, Sergejs"]
[Result "0-1"]
[WhiteElo "1952"]
[BlackElo "2341"]
[PlyCount "130"]
[EventDate "2004.09.04"]

1. d4 d5 2. c4 Bf5 3. g3 c6 4. Bg2 e6 5. Nf3 dxc4 6. Ne5 Qa5+ 7. Bd2 Qa6 8. Nc3
f6 9. Nf3 Nd7 10. O-O Ne7 11. e4 Bg4 12. Qc2 Bh5 13. a4 Bf7 14. Be3 Nc8 15.
Rfd1 Qa5 16. Bf1 Ndb6 17. Be2 Be7 18. Bf4 O-O 19. Bc7 Bd6 20. Bxd6 Nxd6 21. Kg2
Rad8 22. Ra3 g5 23. e5 Bg6 24. Qc1 Ne4 25. Nxe4 Bxe4 26. Kg1 h6 27. Bxc4 Nxc4
28. Qxc4 Qd5 29. Qxd5 Rxd5 30. Re1 f5 31. h3 Bxf3 32. Rxf3 Rxd4 33. Rb3 Rf7 34.
Ra3 Rfd7 35. Kg2 Rb4 36. Re2 Rdd4 37. b3 Re4 38. Rd2 Rxe5 39. Rd6 Kf7 40. Rd7+
Kg6 41. a5 a6 42. Rd6 Kf6 43. Rd8 Rd5 44. Rh8 Kg7 45. Re8 e5 46. Re7+ Kf6 47.
Rh7 Kg6 48. Re7 e4 49. Re6+ Kg7 50. Re7+ Kf6 51. Rh7 Kg6 52. Re7 Rd3 53. Re6+
Kg7 54. Re7+ Kf6 55. Rh7 Kg6 56. Re7 Rbxb3 57. Ra2 Rd6 58. Re8 Kf7 59. Rb8 f4
60. gxf4 gxf4 61. Ra4 Rg6+ 62. Kf1 Rb1+ 63. Ke2 Rb2+ 64. Kf1 Re6 65. Rc4 f3 0-1

[Event "IX Festival A"]
[Site "Cesenatico ITA"]
[Date "2004.09.08"]
[Round "5"]
[White "Zimmer, Hans Werner"]
[Black "Bossoni, Mario"]
[Result "1/2-1/2"]
[WhiteElo "1867"]
[BlackElo "2009"]
[PlyCount "71"]
[EventDate "2004.09.04"]

1. e4 c5 2. d4 cxd4 3. c3 d5 4. exd5 Qxd5 5. cxd4 e5 6. Nf3 Nc6 7. Nc3 Bb4 8.
Bd2 Bxc3 9. Bxc3 e4 10. Ne5 Nxe5 11. dxe5 Ne7 12. Qe2 O-O 13. Rd1 Qxa2 14. Qxe4
Be6 15. Bd3 Bf5 16. Qf3 Bxd3 17. Qxd3 Nc6 18. O-O Rad8 19. Qb5 Qe6 20. Qxb7 h6
21. Qb5 Rd7 22. f4 g6 23. Rxd7 Qxd7 24. Re1 Rd8 25. e6 fxe6 26. Qc4 Kf7 27. f5
gxf5 28. Qh4 e5 29. Qxh6 Rg8 30. Qh5+ Kf6 31. Rd1 Nd4 32. Qh4+ Kf7 33. Qh5+ Kf6
34. Qh4+ Kf7 35. Qh5+ Kf6 36. Qh4+ 1/2-1/2

[Event "IX Festival A"]
[Site "Cesenatico ITA"]
[Date "2004.09.09"]
[Round "6"]
[White "Anceschi, Vittorio"]
[Black "Jonkman, Harmen"]
[Result "0-1"]
[WhiteElo "2261"]
[BlackElo "2425"]
[PlyCount "82"]
[EventDate "2004.09.04"]

1. f4 d5 2. Nf3 g6 3. g3 Bg7 4. Bg2 Nh6 5. Nc3 c5 6. d3 Nc6 7. e4 dxe4 8. Nxe4
O-O 9. O-O Qc7 10. Kh1 b6 11. Nc3 Bb7 12. Bd2 Rad8 13. Qe2 Nf5 14. Nb5 Qc8 15.
c3 Qd7 16. Ne1 Nb4 17. cxb4 Bxg2+ 18. Qxg2 Qxb5 19. a4 Qd7 20. bxc5 bxc5 21.
Bc1 Rb8 22. Rf2 Rb4 23. a5 Rfb8 24. Rc2 Nd4 25. Rxc5 Nb3 26. Rd5 Qe6 27. Nc2
Nxa1 28. Nxb4 Qe1+ 29. Qg1 Qxb4 30. Qxa7 Bxb2 31. Be3 Nb3 32. a6 Rc8 33. Bg1
Rc1 34. Kg2 Rc2+ 35. Kh3 Qd2 36. Bf2 Qe2 37. Qb6 Qf1+ 38. Kg4 h5+ 39. Kg5 Bf6+
40. Kh6 Bg7+ 41. Kg5 Qh3 0-1

[Event "IX Festival A"]
[Site "Cesenatico ITA"]
[Date "2004.09.09"]
[Round "6"]
[White "Bardi, Massimo"]
[Black "Facchetti, Gianni"]
[Result "1/2-1/2"]
[WhiteElo "2076"]
[BlackElo "2190"]
[PlyCount "90"]
[EventDate "2004.09.04"]

1. e4 e5 2. Nc3 d6 3. Bc4 Be7 4. f4 Nf6 5. Nf3 O-O 6. O-O Nc6 7. d4 exd4 8.
Nxd4 Nxd4 9. Qxd4 c6 10. Be3 Ng4 11. Rae1 Nxe3 12. Rxe3 Qb6 13. Qxb6 axb6 14.
Rg3 b5 15. Bb3 Re8 16. a3 Kf8 17. Rd3 f5 18. Re1 fxe4 19. Nxe4 d5 20. Nf2 Bc5
21. Rxe8+ Kxe8 22. Kf1 Kf7 23. c3 Kf6 24. Rd1 Bf5 25. g4 Bxf2 26. g5+ Kg6 27.
Kxf2 Re8 28. Rd2 h6 29. gxh6 gxh6 30. Bd1 Be4 31. Bg4 Kf6 32. Rd1 h5 33. Bh3
Rg8 34. Rg1 Rxg1 35. Kxg1 Bf5 36. Bf1 h4 37. Kf2 b6 38. Ke3 Ke6 39. Be2 Bh3 40.
Bh5 Bf5 41. Be8 Kd6 42. b4 Be6 43. Kd4 Bf5 44. Bh5 Bd7 45. Bg6 Ke6 1/2-1/2

[Event "IX Festival A"]
[Site "Cesenatico ITA"]
[Date "2004.09.09"]
[Round "6"]
[White "Bossi, Alessandro"]
[Black "Zimmer, Hans Werner"]
[Result "0-1"]
[WhiteElo "2053"]
[BlackElo "1867"]
[PlyCount "80"]
[EventDate "2004.09.04"]

1. e4 e5 2. Nf3 Nc6 3. Bb5 f5 4. d4 fxe4 5. Nxe5 Nxe5 6. dxe5 c6 7. Nc3 cxb5 8.
Nxe4 d5 9. exd6 Nf6 10. O-O Nxe4 11. Qh5+ g6 12. Qe5+ Kf7 13. Qxh8 Nf6 14. Bh6
Be6 15. Qxf8+ Qxf8 16. Bxf8 Rxf8 17. Rfd1 Rd8 18. Rd4 a5 19. b3 Rc8 20. Rc1 Rc3
21. f3 Ke8 22. Kf1 Kd7 23. Ke1 Nd5 24. Kd2 b4 25. a3 Kxd6 26. axb4 axb4 27. g4
Rxf3 28. Re1 Rf2+ 29. Kc1 Rxh2 30. Rde4 Bd7 31. Rd1 Bc6 32. Rxb4 Ke5 33. Re1+
Kf6 34. Rd4 Nc3 35. Rc4 Nd5 36. Rc5 Rg2 37. Re4 h6 38. b4 Ne7 39. Rf4+ Ke6 40.
c4 b6 0-1

[Event "IX Festival A"]
[Site "Cesenatico ITA"]
[Date "2004.09.09"]
[Round "6"]
[White "Bossoni, Mario"]
[Black "Lucchi, Lorenzo"]
[Result "1-0"]
[WhiteElo "2009"]
[BlackElo "1577"]
[PlyCount "37"]
[EventDate "2004.09.04"]

1. e4 g6 2. d4 Bg7 3. Nf3 d6 4. Nc3 Nd7 5. Be3 c5 6. Qd2 Qb6 7. O-O-O Ngf6 8.
e5 Ng4 9. dxc5 Nxc5 10. Nd5 Qd8 11. Bxc5 e6 12. Bb5+ Bd7 13. Bxd7+ Qxd7 14.
Nf6+ Nxf6 15. exf6 Bxf6 16. Qxd6 Qb5 17. Ba3 Rc8 18. Rhe1 Qc4 19. Qd7# 1-0

[Event "IX Festival A"]
[Site "Cesenatico ITA"]
[Date "2004.09.09"]
[Round "6"]
[White "Braga, Gian Carlo"]
[Black "Bernardini, Luca"]
[Result "0-1"]
[WhiteElo "1461"]
[BlackElo "1760"]
[PlyCount "84"]
[EventDate "2004.09.04"]

1. e4 e5 2. Nf3 Nf6 3. Nc3 Bb4 4. Bc4 Nc6 5. O-O O-O 6. d3 h6 7. Nd5 Ba5 8. c3
d6 9. b4 Bb6 10. Nxb6 axb6 11. Re1 Re8 12. h3 Be6 13. Bxe6 Rxe6 14. b5 Ne7 15.
c4 Ng6 16. a4 Nf8 17. Nh4 N6h7 18. Nf5 Ng6 19. Qh5 Nf6 20. Qf3 Nd7 21. Bxh6 Nh4
22. Nxh4 Qxh4 23. Be3 Rg6 24. Re2 Qd8 25. d4 exd4 26. Bxd4 c5 27. bxc6 bxc6 28.
Rd2 Qe7 29. Qe3 c5 30. Bc3 Re6 31. f4 Rxe4 32. Qg3 f6 33. Rd5 Re3 34. Qg6 Rxc3
35. Rh5 Qe3+ 36. Kh1 Rc1+ 37. Rxc1 Qxc1+ 38. Kh2 Qxf4+ 39. Kh1 Nf8 40. Qc2 Qf1+
41. Kh2 Re8 42. Rh4 Re2 0-1

[Event "IX Festival A"]
[Site "Cesenatico ITA"]
[Date "2004.09.09"]
[Round "6"]
[White "D'Innocente, Stefano"]
[Black "Cioara, Andrei Nestor"]
[Result "1/2-1/2"]
[WhiteElo "2197"]
[BlackElo "2373"]
[PlyCount "80"]
[EventDate "2004.09.04"]

1. e4 e6 2. d4 d5 3. Nd2 Nf6 4. e5 Nfd7 5. Bd3 c5 6. c3 Nc6 7. Ne2 cxd4 8. cxd4
f6 9. exf6 Qxf6 10. Nf3 Bd6 11. Bg5 Bb4+ 12. Nc3 Qf7 13. O-O O-O 14. Qc2 Qh5
15. Be3 Bd6 16. Nb5 Bb8 17. Be2 Qe8 18. Rfe1 Nf6 19. h3 Bd7 20. Nc3 Bd6 21.
Rac1 Rc8 22. Qb1 Qe7 23. a3 Be8 24. b4 Bg6 25. Qb3 Bb8 26. Red1 Ne4 27. Nxe4
Bxe4 28. Nd2 Nxd4 29. Bxd4 Rxc1 30. Rxc1 Qg5 31. Nxe4 Qxc1+ 32. Bf1 Qf4 33. Qg3
e5 34. Bc5 Qxe4 35. Bxf8 Kxf8 36. Qc3 Qg6 37. Qc8+ Qe8 38. Qc5+ Qe7 39. Qc8+
Qe8 40. Qc5+ Qe7 1/2-1/2

[Event "IX Festival A"]
[Site "Cesenatico ITA"]
[Date "2004.09.09"]
[Round "6"]
[White "Da Forno, Roberto"]
[Black "Pircher, Karl"]
[Result "1-0"]
[WhiteElo "1748"]
[BlackElo "2013"]
[PlyCount "47"]
[EventDate "2004.09.04"]

1. e4 e6 2. d4 d5 3. Nc3 Nf6 4. Bg5 Be7 5. e5 Nfd7 6. Bxe7 Qxe7 7. f4 O-O 8.
Nf3 c5 9. Bd3 f6 10. Nb5 Nc6 11. c3 a6 12. Nd6 fxe5 13. fxe5 cxd4 14. cxd4 Rf4
15. O-O g6 16. Qd2 Rf8 17. Rac1 Nb6 18. Ng5 Rxf1+ 19. Rxf1 Nd8 20. Ngf7 Bd7 21.
Bxg6 hxg6 22. Qh6 Nxf7 23. Qxg6+ Kh8 24. Nxf7+ 1-0

[Event "IX Festival A"]
[Site "Cesenatico ITA"]
[Date "2004.09.09"]
[Round "6"]
[White "Dallaglio, Giovanni"]
[Black "Terbonati, Paolo"]
[Result "1/2-1/2"]
[WhiteElo "2057"]
[BlackElo "1931"]
[PlyCount "82"]
[EventDate "2004.09.04"]

1. d4 Nf6 2. Nf3 g6 3. c4 Bg7 4. g3 O-O 5. Bg2 d6 6. O-O c5 7. d5 e6 8. Nc3 e5
9. e4 Ne8 10. Ne1 f5 11. Nd3 fxe4 12. Nxe4 Bf5 13. a3 Bxe4 14. Bxe4 Nf6 15. Bg2
Ne8 16. Rb1 Nd7 17. Bd2 b6 18. Qe2 Nc7 19. a4 Re8 20. f3 a5 21. Nf2 Nf6 22. Bg5
h6 23. Be3 Ra7 24. Qd2 Kh7 25. Rbe1 Na6 26. Re2 Rae7 27. Rfe1 Nb8 28. b3 Nbd7
29. Bh3 Nf8 30. Rf1 Qc7 31. Ne4 Nxe4 32. fxe4 Nd7 33. Ref2 Rf8 34. Bxd7 Rxf2
35. Qxf2 Qxd7 36. h4 Kg8 37. Kg2 Rf7 38. Qxf7+ Qxf7 39. Rxf7 Kxf7 40. Kf3 h5
41. g4 Bf6 1/2-1/2

[Event "IX Festival A"]
[Site "Cesenatico ITA"]
[Date "2004.09.09"]
[Round "6"]
[White "De Vita, Igor"]
[Black "Costantini, Laura"]
[Result "1/2-1/2"]
[WhiteElo "2156"]
[BlackElo "2068"]
[PlyCount "119"]
[EventDate "2004.09.04"]

1. d4 Nf6 2. c4 g6 3. Nc3 Bg7 4. e4 d6 5. Nge2 O-O 6. Ng3 e5 7. d5 h5 8. Bg5
Nbd7 9. Be2 a6 10. Qd2 Qe8 11. h4 Kh7 12. O-O-O Nc5 13. Qc2 Bd7 14. Rdf1 b5 15.
b4 Nb7 16. cxb5 axb5 17. Kb2 c6 18. dxc6 Bxc6 19. Rd1 Qe6 20. Qb3 Qd7 21. f3
Rfc8 22. Rd3 Nd8 23. Rhd1 Ne6 24. Rxd6 Qa7 25. Nf1 Nd4 26. Be3 Ne8 27. Rxc6
Rxc6 28. Bxb5 Rxc3 29. Kxc3 Nxb5+ 30. Kb2 Nd4 31. Ng3 Qc7 32. Qd3 Nd6 33. Rc1
Qb7 34. a3 Rc8 35. Ne2 Rxc1 36. Nxc1 Qc7 37. Bxd4 exd4 38. Nb3 Qc4 39. Nc1 Kg8
40. Qxc4 Nxc4+ 41. Kb3 Ne5 42. Kc2 Kf8 43. f4 Nc4 44. a4 Ne3+ 45. Kd3 Nxg2 46.
Ne2 Ke8 47. e5 Nxh4 48. Kxd4 Nf5+ 49. Kd5 h4 50. Ng1 Kd7 51. a5 Ne7+ 52. Kc5
Nc6 53. a6 Bf8+ 54. Kb5 Bxb4 55. a7 Nxa7+ 56. Kxb4 Ke6 57. Nf3 Kf5 58. Nxh4+
Kxf4 59. e6 fxe6 60. Nxg6+ 1/2-1/2